000 01097nam a22002777a 4500
001 BD-DhSAU 9278
003 BD-DhSAU
005 20260512145849.0
008 260512b2018 bg a|||| m||| 00| 0 eng d
040 _aBD-DhSAU
082 _222
_a631.4
_bSy26
100 _aSHASHI, SYEDA KUMRUNNAHAR
_eRegistration # 18-08330
245 _aEffect of biochar on growth, yield and physiological attributes of boro rice under salt stress condition /
_bMS thesis
260 _aSher-e-Bangla Agricultural University;
_bDepartment of Soil Science, ;
_c2024.
300 _axvii, 112p. :
_bill. ;
_c30 cm.
500 _aMS thesis of Department of Soil Science, ;, Faculty of Agriculture. Sher-e-Balgla Agricultural University Dhaka-1207
504 _aIncludes bibliographical reference.
590 _aNazmul
650 _abiochar on growth,
650 _aphysiological attributes
651 _aboro rice under salt stress
700 _aProf. Dr. Mohammad Mosharraf Hossain
_eSuperviser
710 _eCo-Superviser
_aAssico. Prof. Dr. A. S. M. Fazle Bari
942 _2ddc
_cTHESIS
999 _c18389
_d18388